000 01408nam a22003017a 4500
999 _c169576
_d169576
020 _a0892132531
082 _a230.22
_b-PUR
100 _aPrabhapada, A.C. Bhaktivedanta Swami
245 _aShrimad Bhagavatam
_cby A.C. Bhaktivedanta Swami Prabhapada
260 _aMumbai
_bBhaktivedanta Book Trust
_c2205
270 _aBhaktivedanta Book Trust , Hare Krishna Land Juhu, Mumbai -400049
300 _axix, 987p.
_c22c.m.
500 _a3.2 (3rd canto), Third Canto "The Status Quo" (Part two - chapter 17-33)
500 _a2 (Second Canto)- The cosmic manifestation
500 _a3.1 (Third Canto)- Part one- "The Status Quo"
500 _a5 (Fifth Canto )- The creative imlpetus
500 _a8 (Eighth Canto )- Withdrawal of the Cosmic Creations
500 _a7 (Seventh Canto )- The science of God
500 _a11.2 (Eleventh Canto Part Two)- General History
500 _a11.1 (Eleventh Canto Part One)- General History
500 _a4.2 (Fourth Canto Part Two)- The Creation of the fourth-order
500 _a4.1 (Fourth Canto Part One)- The Creation of the fourth-order
500 _a10 (tenth canto )- The Summun Bonum
500 _a10.3 (tenth canto Part three )- The Summun Bonum
500 _a10.4 (tenth canto Part four )- The Summun Bonum
650 _aBhagvat geeta-English
_vBhagvat geeta-English
942 _2ddc
_cEN
_h230.22
_m-PUR